New Vistas in Accounting : Vol 4 (Record no. 88673)

MARC details
000 -LEADER
fixed length control field 00615nam a2200241Ia 4500
005 - DATE AND TIME OF LATEST TRANSACTION
control field 20230420145013.0
008 - FIXED-LENGTH DATA ELEMENTS--GENERAL INFORMATION
fixed length control field 230125s9999 xx 000 0 und d
020 ## - INTERNATIONAL STANDARD BOOK NUMBER
International Standard Book Number 81-314-1244-4
041 ## - LANGUAGE CODE
Language code of text/sound track or separate title eng
082 ## - DEWEY DECIMAL CLASSIFICATION NUMBER
Classification number 657.42
Item number SUB
100 ## - MAIN ENTRY--PERSONAL NAME
Author Subramanian R, Ed.
245 ## - TITLE STATEMENT
Title New Vistas in Accounting : Vol 4
250 ## - EDITION STATEMENT
Edition statement 1st Ed.
260 ## - PUBLICATION, DISTRIBUTION, ETC.
Date of publication, distribution, etc. 2007
Name of publisher, distributor, etc. ICFAI publication
Place of publication, distribution, etc. Hyderabad
300 ## - PHYSICAL DESCRIPTION
Extent 304p
440 ## - SERIES STATEMENT/ADDED ENTRY--TITLE
Title ICFAI
500 ## - GENERAL NOTE
Keywords Cost accounting;ICFAI Series Book
650 ## - SUBJECT ADDED ENTRY--TOPICAL TERM
Topical term or geographic name entry element Accounting
700 ## - ADDED ENTRY--PERSONAL NAME
Personal name Subramanian R, Ed.
942 ## - ADDED ENTRY ELEMENTS (KOHA)
Koha item type Books
906 ## - LOCAL DATA ELEMENT F, LDF (RLIN)
b 150
Holdings
Withdrawn status Lost status Damaged status Not for loan Home library Current library Date acquired Vendor Net Price Bill number Total Checkouts Full call number Barcode Date last seen Actual Price Bill Date Koha item type Original Barcode
        Smt. Hiraben Nanavati Institute of Management & Research for Women Smt. Hiraben Nanavati Institute of Management & Research for Women 31/08/2010 A S Enterprises 500.00 58   657.42 SUB B08555 HIMR-BK-8555 25/01/2023 350.00 03/04/2010 Books B08555